Inner circles : How America changed the world : a memoir
Shranjeno v:
| Glavni avtor: | |
|---|---|
| Format: | Knjiga |
| Jezik: | Undetermined |
| Izdano: |
New York
Warner Books
1992
|
| Teme: | |
| Oznake: |
Označite
Brez oznak, prvi označite!
|
| Thư viện lưu trữ: | Trung tâm Học liệu Trường Đại học Cần Thơ |
|---|
| LEADER | 00590nam a2200205Ia 4500 | ||
|---|---|---|---|
| 001 | CTU_88645 | ||
| 008 | 210402s9999 xx 000 0 und d | ||
| 082 | |a 973.927092 | ||
| 082 | |b H144 | ||
| 100 | |a Haig, Alexander Meigs | ||
| 245 | 0 | |a Inner circles : | |
| 245 | 0 | |b How America changed the world : a memoir | |
| 245 | 0 | |c Alexander M. Haig, Jr., with Charles McCarry | |
| 260 | |a New York | ||
| 260 | |b Warner Books | ||
| 260 | |c 1992 | ||
| 650 | |a Foreign relations | ||
| 650 | |x United States | ||
| 904 | |i Bằng,Hải | ||
| 980 | |a Trung tâm Học liệu Trường Đại học Cần Thơ | ||